Statistics for Footballer of the Year: Eredivisie

Click here to take the quiz!

General Stats

  • This quiz has been taken 89 times
  • The average score is 11 of 26

Answer Stats

SeasonClubPlayer% Correct
2009/10AFC AjaxLuis Suárez
69%
2012/13VitesseWilfried Bony
65%
2005/06FeyenoordDirk Kuyt
58%
2015/16AFC AjaxDavy Klaassen
53%
1985AFC AjaxMarco van Basten
53%
2010/11FC TwenteTheo Janssen
51%
2001/02FeyenoordPierre van Hooijdonk
50%
2006/07SC HeerenveenAfonso Alves
46%
2013/14AFC AjaxDaley Blind
45%
2011/12AFC AjaxJan Vertonghen
43%
1993AFC AjaxJari Litmanen
43%
1999/00PSVRuud van Nistelrooy
43%
1992AFC AjaxDennis Bergkamp
42%
2002/03PSVMateja Kezman
42%
1996AFC AjaxRonald de Boer
42%
1986PSVRuud Gullit
42%
1989PSVRomario
41%
1995PSVLuc Nilis
36%
2004/05PSVMark van Bommel
35%
1988PSVRonald Koeman
35%
2008/09AZ AlkmaarMounir El Hamdaoui
34%
2014/15PSVGeorgino Wijnaldum
32%
1997PSVJaap Stam
20%
2007/08AFC AjaxJohn Heitinga
16%
2003/04AFC AjaxMaxwell
14%
1990AFC AjaxJan Wouters
5%

Score Distribution

Percentile by Number Answered

Percent of People with Each Score

Your Score History

You have not taken this quiz